Missing Word: Popular Book Series Quiz Stats

Quiz Updated Feb 17, 2015

Challenge
Share
Tweet
Embed
Score 0/18 Timer 04:00
0 Plays Today
Title Missing Word % Correct
The _____ GamesHunger
96.6%
The Girl with the _____ TattooDragon
96%
Angels & _____Demons
91.6%
Anne of _____ GablesGreen
87.2%
_____ the Looking-GlassThrough
85.7%
Harry Potter and the _____ of AzkabanPrisoner
84.7%
The Golden _____Compass
68.1%
_____ with the VampireInterview
65.8%
The _____ Wizard of OzWonderful
64.9%
Title Missing Word % Correct
The _____ of the RingFellowship
63.7%
A _____ in TimeWrinkle
53.6%
The Magician's _____Nephew
39.3%
A _____ of KingsClash
27.6%
Diary of a Wimpy Kid: _____ FeverCabin
25.9%
'A' Is for _____ Alibi
21.7%
_____ of SusannahSong
16.9%
A Wizard of _____Earthsea
12.2%
The _____ of the WindName
9.8%

Today's Daily Dose

Word Ladder
'90s Movies

Quick Pick
'Fire' Movies

On This Day
June 19th II

You're not logged in!

Compare scores with friends on all Sporcle quizzes.
Join for Free
OR
Log In

You Might Also Like...

Show Comments

Extras

Top Quizzes Today


Score Distribution

Your Account Isn't Verified!

In order to create a playlist on Sporcle, you need to verify the email address you used during registration. Go to your Sporcle Settings to finish the process.

Report this User

Report this user for behavior that violates our Community Guidelines.

Details: